000 01965nam0a2200325 i 4500
001 RU\NLR\BIBL_A\010884833
005 20260407090020.0
010 _a9785502006453
_9100
021 _aRU
_b2015-79499
_94813
035 _a(NILC)RuMoRGB-008043343
035 _a(NLR Aleph) 010884833
090 _a10521035
_c10521035
100 _a20151109d2015 u y0rusy50 ca
101 0 _arus
102 _aRU
105 _ay|||j|||000yy
200 1 _aФилософия
_eучебное пособие для студентов заочной и дистанционной форм обучения всех специальностей
_fМ-во образования и науки Рос. Федерации, Федер. гос. бюджет. образоват. учреждение высш. проф. образования "Нижегор. гос. техн. ун-т им. Р.Е. Алексеева"
_g[В.О. Волкова и др.
_gпод ред. Г.А. Ширшина]
210 _aНижний Новгород
_cНижегородский государственный технический университет
_d2015
215 _a111 с.
_d20
320 _aБиблиогр.: с. 110-111 (47 назв.) и в конце разд.
606 _aФилософия
_jУчебные издания для высших учебных заведений
_9900139
_3RU\NLR\AUTH\666996
686 1 _aЮ0я73
702 1 _4220
_aВолкова
_bВ. О.
_cд-р филос. наук
_gВера Олеговна
_9157714
_3RU\NLR\AUTH\770157754
702 1 _aШиршин
_bГ.А.
_gГеннадий Алексеевич
_4340
712 0 2 _4570
_aНижегородский государственный технический университет им. Р. Е. Алексеева
_3RU\NLR\AUTH\8813523
_9300053
801 0 _aRU
_bРГБ
_c20151014
_gRCR
942 _cBOOK
980 _aNBR